Λεξικόν λατινοελληνικόν
Saved in:
| Main Author: | |
|---|---|
| Format: | Book |
| Language: | Latin |
| Subjects: | |
| Tags: |
Add Tag
No Tags, Be the first to tag this record!
|
MARC
| LEADER | 00000nam a2200000 i 4500 | ||
|---|---|---|---|
| 001 | 1/6679 | ||
| 008 | 960711s lat d | ||
| 035 | |l 10016438 | ||
| 040 | |a GR-MY-UA |b gre |e aacr | ||
| 041 | 0 | |a lat | |
| 082 | 0 | |a 470.89 | |
| 100 | 1 | |a Κουμανούδης, Στέφανος Α., |d 1818-1899. | |
| 245 | 1 | 0 | |a Λεξικόν λατινοελληνικόν / |c Στεφάνου Α. Κουμανούδη |
| 300 | |a 965 σ. | ||
| 650 | 0 | 0 | |a Latin language |x Dictionaries |x Greek. |
| 852 | |a INST |b LESVOS |e 19960711 |h 470.89 ΚΟΥ |p 005100009588 |q 005100009588 |t REF |y 23 | ||
| 909 | |a Λ |b 019740 | ||